000 01361nam a22003017a 4500
005 20240530110410.0
008 150212s2011 ua ob a 001 0 ara d
017 _a2009/9013
_bمصر . دار الكتب المصرية
020 _a9771413686
040 _aEG-CaGPL
041 1 _aara
_heng
082 0 4 _221
_a903
_bط/ن ن
100 1 _aجروبر ، بث
245 1 0 _aتاريخ العراق القديم :
_bعلم الاثار يزيح الستار عن اسرار ماضى العراق /
_cتاليف بث جروبر ؛ استشارى تونى ويلكينسون ؛ ترجمة ابراهيم محمد ابراهيم ؛ اشراف عام داليا محمد ابراهيم
250 _aط2
260 _aالقاهرة :
_bنهضة مصر للطباعة و النشر و التوزيع ،
_c2011
300 _a64 ص :
_bايض ؛
_c24 سم
490 _aناشيونال جيوجرافيك يبحث فى
650 0 4 _aالعراق القديم
_xتاريخ
650 0 4 _aالاشوريون
650 0 4 _aالبابليون
650 0 4 _aحضارة العراق القديمة
700 1 _aويلكينسون ، تونى
_eاستشارى
700 0 _aابراهيم محمد ابراهيم
_eمترجم
700 0 _aداليا محمد ابراهيم
_eاشراف
942 _2ddc
_cBK
999 _c60430
_d60430